000
00310nam a2200133Ia 4500
005
20260328101446.0
008
260328s9999||||xx |||||||||||||| ||und||
100
_a
Jovanovich, Brace
245
0
_a
Bosch/Bruegel /
_c
Brace Jovanovich
260
_b
Harcourt
300
_a
122 p.
650
_a
PINTURA
942
_c
BK
999
_c
8479
_d
8479